Rehabilitación de la Plaza de Sutiaba León, Nicaragua

Consiste en brindar una respuesta que eleve su valor histórico y potencial izar su desarrollo cultural urbano y económico en beneficio de sus habitantes. El plan consiste en articular el conjunto histórico (plazas, iglesias, casa cural, área de antiguo cabildo incluyendo asilo de ancianos) con...

Full description

Bibliographic Details
Main Authors: Membreño Campos, Cristiana Vanessa, Ramírez Valdivia, Valeria del Mar
Other Authors: Tutor: Rodríguez Vásquez, Eduardo Antonio
Format: Tesis Section = Libro
Language:Undetermined
Spanish
Published: Managua UNI 1999
Subjects:
LEADER 01701nam a2200277Ia 4500
008 240830s9999 xx 000 0 und d
040 |a BIBLIOTECA-RUSB/ Mon 711.5 M533 
041 |a spa 
082 |a Mon 711.5 M533 
100 1 |a Membreño Campos, Cristiana Vanessa 
100 1 |b Ramírez Valdivia, Valeria del Mar 
245 1 0 |a Rehabilitación de la Plaza de Sutiaba León, Nicaragua 
260 |a Managua  |b UNI  |c 1999 
300 |a p. irreg. :il. 
500 |a Contiene: anexos. 
502 |a Tesis (Arquitecto) - UNI, 1999. 
520 3 |a Consiste en brindar una respuesta que eleve su valor histórico y potencial izar su desarrollo cultural urbano y económico en beneficio de sus habitantes. El plan consiste en articular el conjunto histórico (plazas, iglesias, casa cural, área de antiguo cabildo incluyendo asilo de ancianos) con el fín de alcanzar una relación armoniosa que permita rescatar y preservar el patrimonio histórico y cultural. Incluye una propuesta de mejoramiento del parque infantil de Sutiaba, diseño de espacios abiertos con diseño de enchapes; un centro que concentre distintas actividades gastronómicas, farmacia, tiendas de artesanía, museo oficial de turismo y revitalización de la plaza de Sutiaba. 
650 7 |a PLANES Y PLANIFICACION PARA LA RENOVACION URBANA - PLAZA DE SUTIABA 
650 7 |b  REVITALIZACION PLAZA DE SUTIABA 
650 7 |c  CONSERVACION, REHABILITACION, REURBANIZACION - PLAZA DE SUTIABA 
650 7 |d  ASPECTO URBANO ARQUITECTONICO - PLAZA DE SUTIABA 
650 7 |e  PATRIMONIO HISTORICO - PLAZA DE SUTIABA 
700 1 |a Tutor:  |b Rodríguez Vásquez, Eduardo Antonio 
942 |c BK  |2 ddc 
991 |a TESIS 
999 |c 21007